How to make money at home /

Bibliographic Details
Main Author: Webster, Isabel Stevens
Format: Book
Language:English
Published: New York : Whittlesey House, [1949]
Subjects:

MARC

Tag First Indicator Second Indicator Subfields
LEADER 00000cam a2200000 4500
001 in00000074227
005 20151008052541.0
008 761130s1949 nyu b 00000 eng
010 |a  49048376  
035 |a (OCoLC)02586971 
035 |9 AAH3842AM 
040 |a DLC  |c OHI  |d TXA  |d UtOrBLW 
049 |a TXAM  |c [170872] 
050 0 0 |a HF5381  |b .W415 
082 0 |a 371.425 
092 |a 371.425  |b W379h 
100 1 |a Webster, Isabel Stevens. 
245 1 0 |a How to make money at home /  |c by Polly Webster. 
264 1 |a New York :  |b Whittlesey House,  |c [1949] 
300 |a xi, 262 pages ;  |c 21 cm. 
336 |a text  |b txt  |2 rdacontent 
337 |a unmediated  |b n  |2 rdamedia 
338 |a volume  |b nc  |2 rdacarrier 
504 |a Bibliography: pages 251-258. 
650 0 |a Occupations. 
999 |a MARS 
999 f f |s 88193926-fa38-392e-bf6c-1210e5ce308d  |i 1414f1d4-5596-3457-bb30-703ab71d5bb8  |t 0 
952 f f |p ric  |a Texas A&M University  |b Rellis Campus  |c Joint Library Facility  |s JLF  |d Remote Storage  |t 0  |e HF5381 .W415  |h Library of Congress classification  |i unmediated -- volume  |m A14800841788 
998 f f |a HF5381 .W415  |t 0  |l Remote Storage